000 00206 a2200097 4500
001 10911
100 _aN. Y.
245 _aTahdia Sayra Daigest
260 _a
_bdaigest Publicashner
_c
090 _c8482
_d8482
942 _aNUST-CAE
_cM
_c35247
999 _c245984
_d245984